[Event "HSG Open 2014"]
[Site "Hilversum NED"]
[Date "2014.06.20"]
[Round "1.1"]
[White "Markus, John Raymond"]
[Black "Van Kampen, Robin"]
[Result "0-1"]
[BlackTitle "GM"]
[WhiteElo "2128"]
[BlackElo "2631"]
[WhiteFideId "1001213"]
[BlackFideId "1020854"]
[EventDate "2014.06.20"]

1. d4 Nf6 2. c4 g6 3. Nc3 Bg7 4. e4 d6 5. f4 O-O 6. Nf3 c5 7. d5 e6 8. Be2 exd5
9. exd5 Re8 10. O-O Bf5 11. Bd3 Qd7 12. Qc2 Bxd3 13. Qxd3 Na6 14. a3 Nc7 15. Bd2
Rab8 16. b4 b6 17. Rae1 a6 18. h3 cxb4 19. axb4 b5 20. Nd4 bxc4 21. Qxc4 Rbc8
22. Rxe8+ Qxe8 23. Re1 Qd7 24. Nc6 Ncxd5 25. Nxd5 Nxd5 26. Qxd5 Rxc6 27. f5 Rc8
28. fxg6 hxg6 29. Bf4 Bc3 30. Re4 Qc6 31. Qd3 d5 32. Re2 Bxb4 33. Kh1 a5 34. h4
Qf6 35. g3 d4 36. Kg2 Qc6+ 37. Kh2 Qd7 38. h5 Qf5 39. Qxf5 gxf5 40. Re5 a4 41.
Rd5 a3 42. Be5 Bc3 43. Bxd4 Bxd4 44. Rxd4 Ra8 45. Rd1 a2 46. Ra1 Kg7 47. Kh3 Ra4 0-1

[Event "HSG Open 2014"]
[Site "Hilversum NED"]
[Date "2014.06.20"]
[Round "1.2"]
[White "Ernst, Sipke"]
[Black "Vos, Tjark"]
[Result "0-1"]
[WhiteTitle "GM"]
[WhiteElo "2567"]
[BlackElo "2107"]
[WhiteFideId "1004689"]
[BlackFideId "1020870"]
[EventDate "2014.06.20"]

1. e4 e6 2. d3 d5 3. Nd2 c5 4. Ngf3 Nc6 5. g3 Nf6 6. Bg2 Be7 7. O-O e5 8. exd5
Nxd5 9. Re1 f6 10. c3 Nc7 11. Nc4 O-O 12. a4 Be6 13. Be3 Qd7 14. a5 Rfd8 15. Qb3
Rab8 16. Nfd2 Qxd3 17. Bf1 Qd7 18. Ne4 b5 19. axb6 axb6 20. Red1 Qe8 21. Rxd8
Qxd8 22. Rd1 Qe8 23. Qc2 Qf7 24. Ned6 Bxd6 25. Nxd6 Qf8 26. b4 Nd5 27. bxc5 Nxe3
28. fxe3 bxc5 29. Qa4 Nd4 30. Qa6 Rd8 31. Ne4 Bg4 32. Ra1 Nf3+ 33. Kg2 f5 34.
Nf2 Rd2 35. Bc4+ Kh8 36. Qa8 Rd8 37. Bd5 Ne1+ 38. Kg1 Nc2 39. Qxd8 Qxd8 40. Ra8
Qxa8 41. Bxa8 Nxe3 42. Nd3 Nd1 43. c4 e4 44. Nxc5 Be2 45. Bd5 Nb2 46. Be6 g6 47.
g4 Bxg4 48. Kf2 Kg7 49. Nd7 e3+ 50. Kxe3 f4+ 51. Kxf4 Bxe6 52. Nc5 Bxc4 53. Ke3
Bf7 54. Ne4 Nc4+ 55. Kf4 Bd5 56. Nc3 Bc6 57. Ne2 Kf6 58. Nd4 Bd5 59. h4 Nd6 60.
Kg4 Nf5 61. Ne2 Bg2 62. Nc3 h5+ 63. Kf4 Nxh4 64. Kg3 g5 0-1

[Event "HSG Open 2014"]
[Site "Hilversum NED"]
[Date "2014.06.20"]
[Round "1.3"]
[White "Van Den Ouden, Lendert"]
[Black "Epishin, Vladimir"]
[Result "0-1"]
[BlackTitle "GM"]
[WhiteElo "2085"]
[BlackElo "2560"]
[WhiteFideId "1030892"]
[BlackFideId "4162714"]
[EventDate "2014.06.20"]

1. d4 Nf6 2. Nf3 g6 3. c4 d6 4. Nc3 Bf5 5. g3 c6 6. Bg2 Bg7 7. O-O O-O 8. Ne1
Be6 9. d5 cxd5 10. cxd5 Bd7 11. Nf3 Na6 12. Nd4 Rc8 13. h3 Qb6 14. Nb3 Nc5 15.
Be3 a5 16. Rc1 Qa6 17. Nd4 a4 18. Qd2 Rfe8 19. Rfd1 h5 20. Bg5 Qb6 21. e4 Ncxe4
22. Nxe4 Nxe4 23. Bxe4 Rxc1 24. Rxc1 Bxd4 25. Rc4 Bf6 26. Bxf6 exf6 27. Kg2 Kg7
28. Qc3 Re5 29. Bf3 Qa6 30. Qb4 Bb5 31. Rc7 Qb6 32. Qc3 Be2 33. Rd7 Rf5 0-1

[Event "HSG Open 2014"]
[Site "Hilversum NED"]
[Date "2014.06.20"]
[Round "1.4"]
[White "Guliyev, Namig"]
[Black "Dijk, Rogier"]
[Result "1-0"]
[WhiteTitle "GM"]
[WhiteElo "2550"]
[BlackElo "2081"]
[WhiteFideId "13400363"]
[BlackFideId "1010379"]
[EventDate "2014.06.20"]

1. e4 c5 2. Nf3 e6 3. d4 cxd4 4. Nxd4 a6 5. Bd3 Bc5 6. Nb3 Be7 7. Be3 Qc7 8. f4
d6 9. Qf3 Nf6 10. N1d2 Nbd7 11. g4 g6 12. O-O-O b5 13. Kb1 Bb7 14. Rhf1 O-O 15.
h4 d5 16. h5 dxe4 17. Nxe4 Nxe4 18. Bxe4 Bxe4 19. Qxe4 Nf6 20. Qf3 Rac8 21. c3
Rfd8 22. hxg6 hxg6 23. Bd4 b4 24. cxb4 Qc6 25. Qh3 Bf8 26. a3 Bg7 27. Ka2 Qe4
28. Qh4 Nd5 29. Rh1 f6 30. Nc5 Rxc5 31. bxc5 Nxf4 32. Bxf6 Qc4+ 33. Ka1 Bxf6 34.
Qxf6 Rxd1+ 35. Rxd1 1-0

[Event "HSG Open 2014"]
[Site "Hilversum NED"]
[Date "2014.06.20"]
[Round "1.5"]
[White "Haver, Bas"]
[Black "Pruijssers, Roeland"]
[Result "1-0"]
[BlackTitle "GM"]
[WhiteElo "2070"]
[BlackElo "2526"]
[WhiteFideId "1039849"]
[BlackFideId "1013068"]
[EventDate "2014.06.20"]

1. e4 e5 2. Nf3 Nc6 3. Bb5 f5 4. Nc3 Nf6 5. Qe2 fxe4 6. Nxe4 d5 7. Nxe5 dxe4 8.
Nxc6 bxc6 9. Bxc6+ Bd7 10. Bxa8 Qxa8 11. d3 Bb4+ 12. c3 Bc5 13. f3 O-O 14. dxe4
Nxe4 15. fxe4 Bf2+ 16. Kd1 Bb6 17. Bd2 Be6 18. Rf1 Rxf1+ 19. Qxf1 Qxe4 20. h3
Qa4+ 21. Kc1 Bd5 22. Qf5 Qc6 23. b3 Be6 24. Qg5 h6 25. Qd8+ Kf7 26. g3 Bxh3 27.
Kb2 Bf2 28. Bf4 Bxg3 29. Bxg3 Qg2+ 30. Ka3 Qxg3 31. Rd1 Qxc3 32. Qd5+ Kf6 33.
Rd3 Qc1+ 34. Ka4 Be6 35. Qd8+ Kf5 36. Qf8+ Ke4 37. Qf3+ Ke5 38. Re3+ Kd6 39.
Qf4+ Kd5 1-0

[Event "HSG Open 2014"]
[Site "Hilversum NED"]
[Date "2014.06.20"]
[Round "1.6"]
[White "Dgebuadze, Alexandre"]
[Black "Henseler, Jorgen"]
[Result "1-0"]
[WhiteTitle "GM"]
[WhiteElo "2488"]
[BlackElo "2068"]
[WhiteFideId "203882"]
[BlackFideId "1023233"]
[EventDate "2014.06.20"]

1. e4 c5 2. Nf3 d6 3. d4 cxd4 4. Qxd4 Nc6 5. Bb5 Bd7 6. Bxc6 Bxc6 7. Nc3 Nf6 8.
Bg5 e6 9. O-O-O Be7 10. Qd3 Qa5 11. h4 O-O 12. Kb1 Rfd8 13. Nd4 Rac8 14. f3 a6
15. g4 b5 16. Nce2 Qc7 17. Rhg1 a5 18. Nxc6 Qxc6 19. Nd4 Qc4 20. Nxb5 Qa4 21. b3
Qb4 22. a4 d5 23. e5 Nd7 24. Bd2 Qc5 25. f4 Qb6 26. Be3 Bc5 27. Rg3 Bxe3 28.
Rxe3 Nc5 29. Qd4 Rb8 30. Rc3 Rdc8 31. g5 Rc6 32. Kb2 Rbc8 33. h5 Qb8 34. Rg1 Ne4
35. Rxc6 Rxc6 36. c4 Rc5 37. Rc1 Qb6 38. cxd5 exd5 39. h6 Qc6 40. e6 gxh6 41.
gxh6 f6 42. Qg1+ 1-0

[Event "HSG Open 2014"]
[Site "Hilversum NED"]
[Date "2014.06.20"]
[Round "2.1"]
[White "Van Kampen, Robin"]
[Black "Van der Lende, Ilias"]
[Result "1-0"]
[WhiteTitle "GM"]
[WhiteElo "2631"]
[BlackElo "2202"]
[WhiteFideId "1020854"]
[BlackFideId "1019260"]
[EventDate "2014.06.20"]

1. e4 e6 2. d4 d5 3. Nc3 dxe4 4. Nxe4 Bd7 5. Nf3 Bc6 6. Bd3 Nd7 7. O-O Ngf6 8.
Ned2 Be7 9. Nc4 O-O 10. Qe2 Bxf3 11. Qxf3 Nb6 12. Nxb6 axb6 13. Qxb7 Qd6 14. Rd1
c6 15. Qxb6 Ng4 16. g3 Qd5 17. Bf4 Qh5 18. h4 g5 19. Bxg5 Bxg5 20. Qxc6 Kh8 21.
Be2 Bxh4 22. Qh1 Rg8 23. Kf1 Ne3+ 24. fxe3 Qf5+ 25. Ke1 Bxg3+ 26. Kd2 Bf2 27.
Qf3 Qa5+ 28. c3 Rab8 29. Qxf2 Rxb2+ 30. Ke1 Qxc3+ 31. Kf1 Rg6 32. Rac1 Qa5 33.
Qf4 Kg7 34. Qe5+ Rf6+ 35. Kg1 Qd8 36. Bd3 Kf8 37. Rf1 Qa8 38. Rc8+ Qxc8 39. Qxf6
Qc7 40. Qh8+ Ke7 41. Rxf7+ 1-0

[Event "HSG Open 2014"]
[Site "Hilversum NED"]
[Date "2014.06.20"]
[Round "2.2"]
[White "Epishin, Vladimir"]
[Black "Van Foreest, Lucas"]
[Result "1-0"]
[WhiteTitle "GM"]
[WhiteElo "2560"]
[BlackElo "2190"]
[WhiteFideId "4162714"]
[BlackFideId "1039792"]
[EventDate "2014.06.20"]

1. d4 Nf6 2. Nf3 g6 3. g3 Bg7 4. Bg2 O-O 5. O-O d6 6. a4 Re8 7. c3 Nbd7 8. a5 c6
9. Nbd2 Qc7 10. Nc4 Rb8 11. Ne1 b5 12. axb6 axb6 13. Nd3 Bb7 14. e4 e5 15. dxe5
dxe5 16. Nb4 Bf8 17. Bg5 h6 18. Be3 b5 19. Na5 Ra8 20. Nxb7 Qxb7 21. Rxa8 Rxa8
22. Qf3 Ra4 23. Rd1 Kh7 24. Bh3 Kg7 25. Nd3 Qc7 26. b4 Ra8 27. Bf1 Ra3 28. Bd2
Ra2 29. h4 Rc2 30. Bh3 h5 31. Ne1 Ra2 32. Bg5 c5 33. Nd3 cxb4 34. Nxb4 Bxb4 35.
cxb4 Qa7 36. Qe3 Qxe3 37. Bxe3 Nf8 38. f3 Rb2 39. Bc5 Rb3 40. Rd8 Ne6 41. Bxe6
fxe6 42. Bd6 Rxf3 43. Bxe5 Kf7 44. Bxf6 Rxf6 45. Kg2 g5 46. hxg5 Rg6 47. Rd7+
Ke8 48. Rh7 Rxg5 49. Kf3 Kd8 50. Kf4 Rg4+ 51. Ke5 Rxg3 52. Rxh5 Re3 53. Kd6 Rd3+
54. Kxe6 Re3 55. Kd6 Rd3+ 56. Rd5 Re3 57. Rxb5 Kc8 58. e5 Rd3+ 59. Ke7 Re3 60.
e6 Rh3 61. Rc5+ Kb7 62. Kf6 Rh6+ 63. Kf7 Rh7+ 64. Kg6 Rh1 65. e7 Re1 66. Kf6 1-0

[Event "HSG Open 2014"]
[Site "Hilversum NED"]
[Date "2014.06.20"]
[Round "2.3"]
[White "Beerdsen, Thomas"]
[Black "Guliyev, Namig"]
[Result "1-0"]
[BlackTitle "GM"]
[WhiteElo "2205"]
[BlackElo "2550"]
[WhiteFideId "1030108"]
[BlackFideId "13400363"]
[EventDate "2014.06.20"]

1. e4 c5 2. Nf3 d6 3. d4 cxd4 4. Nxd4 Nf6 5. Nc3 a6 6. Rg1 Nc6 7. g4 Nxd4 8.
Qxd4 Nxg4 9. Nd5 Nf6 10. Nb6 e5 11. Qb4 d5 12. Qb3 Rb8 13. exd5 Bc5 14. Na4 Bd6
15. Rxg7 b5 16. Nc3 Bf5 17. Rg5 Qc8 18. Bd3 e4 19. Be2 Bxh2 20. a4 h6 21. Rg2 b4
22. Nd1 Bd6 23. Ne3 Bg6 24. Bd2 a5 25. O-O-O Qc7 26. Nc4 Bf5 27. Be3 Ke7 28. Bd4
h5 29. Qe3 Nxd5 30. Qg5+ Ke6 31. Nxd6 Qxd6 32. Bc4 Bg4 33. Rxg4 hxg4 34. Bxh8 1-0

[Event "HSG Open 2014"]
[Site "Hilversum NED"]
[Date "2014.06.20"]
[Round "2.4"]
[White "Bottema, Tom"]
[Black "Dgebuadze, Alexandre"]
[Result "0-1"]
[BlackTitle "GM"]
[WhiteElo "2198"]
[BlackElo "2488"]
[WhiteFideId "1004778"]
[BlackFideId "203882"]
[EventDate "2014.06.20"]

1. d4 e6 2. Nf3 f5 3. g3 Nf6 4. Bg2 Be7 5. O-O O-O 6. b3 Qe8 7. c4 d6 8. Nc3 Qh5
9. Ne1 Nbd7 10. Nd3 e5 11. dxe5 dxe5 12. e4 Qxd1 13. Rxd1 fxe4 14. Nxe4 Nxe4 15.
Bxe4 Nf6 16. Bg2 e4 17. Re1 Bf5 18. g4 Bxg4 19. Bxe4 Nxe4 20. Rxe4 Bf6 21. Bb2
Bf3 22. Re3 Bg5 23. Re5 h6 24. Ne1 Bc6 25. Rd1 Rf4 26. Rd3 Raf8 27. Re2 Bh4 28.
Rdd2 b5 29. Bd4 bxc4 30. bxc4 a6 31. Kf1 Rd8 32. Nc2 Bf3 33. Re3 Be4 34. Ne1 c5 0-1

[Event "HSG Open 2014"]
[Site "Hilversum NED"]
[Date "2014.06.20"]
[Round "2.5"]
[White "Hambleton, Aman"]
[Black "Brink, Barry"]
[Result "1-0"]
[WhiteTitle "IM"]
[WhiteElo "2468"]
[BlackElo "2165"]
[WhiteFideId "2606577"]
[BlackFideId "1009451"]
[EventDate "2014.06.20"]

1. d4 Nf6 2. c4 e6 3. Nc3 Bb4 4. Qc2 c5 5. dxc5 O-O 6. a3 Bxc5 7. Nf3 b6 8. Bf4
Bb7 9. Rd1 Na6 10. b4 Be7 11. e4 Nc7 12. Bd3 a5 13. Qb1 axb4 14. axb4 Na6 15.
Na2 h6 16. O-O Nh5 17. Be3 f5 18. exf5 Bxf3 19. gxf3 Bd6 20. Be4 Bc7 21. f4 Qh4
22. Bxa8 Nxf4 23. Bxf4 Bxf4 24. Rfe1 Bxh2+ 25. Kf1 Rxf5 26. Re2 Bg3 27. Qe4 Qf6
28. Qg2 Rg5 29. Qf3 Bf4 30. Be4 1-0

[Event "HSG Open 2014"]
[Site "Hilversum NED"]
[Date "2014.06.20"]
[Round "2.6"]
[White "Overeem, Marc"]
[Black "Van Foreest, Jorden"]
[Result "1/2-1/2"]
[WhiteTitle "FM"]
[BlackTitle "FM"]
[WhiteElo "2153"]
[BlackElo "2448"]
[WhiteFideId "1004972"]
[BlackFideId "1039784"]
[EventDate "2014.06.20"]

1. Nf3 d5 2. g3 Nf6 3. Bg2 c6 4. O-O Bg4 5. d3 e6 6. Nbd2 Nbd7 7. e4 Bd6 8. Qe1
Qc7 9. b3 O-O 10. Bb2 e5 11. h3 Be6 12. Ng5 Rfe8 13. Nxe6 Rxe6 14. Qe2 Ree8 15.
Rfd1 Nc5 16. Nf1 Rad8 17. Ne3 Bf8 18. Ng4 Nxg4 19. Qxg4 Ne6 20. exd5 cxd5 21. c4
d4 22. Qf3 Nc5 23. Ba3 b6 24. Bxc5 bxc5 25. Qc6 Qe7 26. Re1 g6 27. Re2 Rc8 28.
Qb7 Rc7 29. Qd5 Bg7 30. Rae1 Rd8 31. Qf3 a5 32. Rb2 f5 33. Qd1 Qd6 34. Bd5+ Kh8
35. Rbe2 h5 36. Qd2 Kh7 37. Qxa5 h4 38. g4 Rf8 39. Qd2 fxg4 40. hxg4 Rf4 41. Re4
Bh6 42. Qe2 Rxe4 43. Qxe4 Bf4 44. Kg2 Kg7 45. Rh1 Qf6 46. Qe2 Rc8 47. a4 Rb8 48.
Qa2 Qg5 49. Bf3 Bd2 50. a5 Rf8 51. a6 e4 52. dxe4 Rxf3 53. Kxf3 Qf4+ 54. Ke2 Bc3
55. Qc2 Qxg4+ 56. Kf1 h3 57. Rg1 Qf3 58. Qe2 Qf4 59. Qd1 Qxe4 60. f3 Qa8 61. Qe2
Kf7 62. Qe4 Qxa6 63. Qd5+ Kg7 64. Qe5+ Kh7 65. Qe7+ Kg8 66. Qe8+ Kg7 67. Qe7+ 1/2-1/2

[Event "HSG Open 2014"]
[Site "Hilversum NED"]
[Date "2014.06.21"]
[Round "3.1"]
[White "Omearat, Adel"]
[Black "Van Kampen, Robin"]
[Result "0-1"]
[WhiteTitle "FM"]
[BlackTitle "GM"]
[WhiteElo "2231"]
[BlackElo "2631"]
[WhiteFideId "7600240"]
[BlackFideId "1020854"]
[EventDate "2014.06.20"]

1. d4 Nf6 2. c4 g6 3. Nc3 Bg7 4. e4 d6 5. Nf3 O-O 6. Be2 e5 7. O-O Nc6 8. d5 Ne7
9. Nd2 a5 10. Rb1 Nd7 11. a3 f5 12. b4 Kh8 13. Qc2 Nf6 14. f3 f4 15. c5 g5 16.
Nb5 axb4 17. axb4 Bd7 18. cxd6 cxd6 19. Qc7 Qxc7 20. Nxc7 Ra2 21. b5 Rc8 22. b6
Ne8 23. Bc4 Ra5 24. Ne6 Ra4 25. Nxg5 Bf6 26. Ne6 Raxc4 27. Nxc4 Rxc4 28. Nd8 Bc8
29. Ba3 Nxd5 30. Nf7+ Kg7 31. Nxd6 Nxd6 32. Bxd6 Nc3 33. Ra1 Kf7 34. Ra8 Ke6 35.
Bc7 Bd7 36. Bd8 Bg7 37. Rb8 Bc6 38. Bc7 Bf6 39. Bd8 Rb4 40. g4 Bb5 41. Bxf6 Bxf1
42. Kxf1 Kxf6 43. Rxb7 Rb1+ 44. Kf2 Rb2+ 45. Ke1 Re2+ 46. Kf1 Rxh2 47. Rb8 Nb1
48. Kg1 Rb2 49. b7 Kg7 50. Re8 Rxb7 51. Rxe5 Nd2 52. Rg5+ Kh6 53. Rf5 Nxf3+ 54.
Kf2 Ng5 0-1

[Event "HSG Open 2014"]
[Site "Hilversum NED"]
[Date "2014.06.21"]
[Round "3.2"]
[White "De Ruiter, Danny"]
[Black "Epishin, Vladimir"]
[Result "1/2-1/2"]
[BlackTitle "GM"]
[WhiteElo "2231"]
[BlackElo "2560"]
[WhiteFideId "1020650"]
[BlackFideId "4162714"]
[EventDate "2014.06.20"]

1. d4 Nf6 2. c4 b6 3. Nf3 Bb7 4. g3 Bxf3 5. exf3 e6 6. a3 d5 7. Nc3 Be7 8. b3
O-O 9. Bg2 Nc6 10. f4 Qd7 11. Be3 dxc4 12. d5 exd5 13. Nxd5 Rad8 14. bxc4 Nxd5
15. cxd5 Bf6 16. dxc6 Bc3+ 17. Ke2 Qg4+ 18. Bf3 Rxd1 19. Raxd1 Qc8 20. Kf1 Qh3+
21. Ke2 Qc8 22. Kf1 Qh3+ 23. Ke2 Qc8 24. Kf1 Qh3+ 25. Ke2 1/2-1/2

[Event "HSG Open 2014"]
[Site "Hilversum NED"]
[Date "2014.06.21"]
[Round "3.3"]
[White "Dgebuadze, Alexandre"]
[Black "Nagtegaal, Kees"]
[Result "1-0"]
[WhiteTitle "GM"]
[WhiteElo "2488"]
[BlackElo "2227"]
[WhiteFideId "203882"]
[BlackFideId "1012886"]
[EventDate "2014.06.20"]

1. e4 d6 2. d4 Nf6 3. Nc3 e5 4. Nge2 Nbd7 5. g3 Be7 6. Bg2 c6 7. a4 Qc7 8. h3 h5
9. Be3 b6 10. Qd2 a6 11. f4 Bb7 12. O-O b5 13. b3 b4 14. Nd1 exd4 15. Bxd4 c5
16. Bxf6 Nxf6 17. Nf2 O-O 18. c4 Rfe8 19. g4 Bf8 20. Qd3 g6 21. g5 Nd7 22. Rad1
Rad8 23. Rd2 Nb8 24. f5 Nd7 25. Qg3 Ne5 26. Nf4 Bg7 27. Nd1 d5 28. exd5 h4 29.
Qxh4 gxf5 30. Nh5 Ng6 31. Qf2 f4 32. Nxg7 Kxg7 33. Re2 Re5 34. Rxe5 Qxe5 35. Qb2
Re8 36. Qxe5+ Rxe5 37. Nf2 f3 38. Bxf3 Rxg5+ 39. Kh2 Ne5 40. Ne4 Rf5 41. Kg3 Bc8
42. Be2 Kg6 43. Rxf5 Bxf5 44. Nxc5 Bc2 45. Kf4 f6 46. a5 Kf7 47. Nxa6 Bxb3 48.
Nxb4 Bxc4 49. Bxc4 Nxc4 50. a6 1-0

[Event "HSG Open 2014"]
[Site "Hilversum NED"]
[Date "2014.06.21"]
[Round "3.4"]
[White "Becx, Cesar"]
[Black "Hambleton, Aman"]
[Result "0-1"]
[WhiteTitle "FM"]
[BlackTitle "IM"]
[WhiteElo "2219"]
[BlackElo "2468"]
[WhiteFideId "1001183"]
[BlackFideId "2606577"]
[EventDate "2014.06.20"]

1. f4 d5 2. Nf3 Nh6 3. g3 Bg4 4. Bg2 e6 5. c4 c6 6. Ne5 Bh5 7. cxd5 exd5 8. Qb3
Qb6 9. Bh3 f6 10. Bc8 Bb4 11. Nd3 Na6 12. Be6 Qe3 13. Bd7+ Kd8 14. g4 Nxg4 15.
Nc3 Bxc3 16. dxc3 Qe4 17. O-O Qxe2 18. Bxg4 Qxg4+ 19. Kh1 Qe2 20. Rf2 Qxd3 21.
Qxb7 Nc7 22. Qxc6 Qd1+ 23. Kg2 Re8 24. Bd2 Qxa1 25. c4 Qxa2 26. b3 Qa6 27. Qc5
Qb6 28. Qa3 a5 0-1

[Event "HSG Open 2014"]
[Site "Hilversum NED"]
[Date "2014.06.21"]
[Round "3.5"]
[White "Beerdsen, Thomas"]
[Black "Rambaldi, Francesco"]
[Result "0-1"]
[BlackTitle "FM"]
[WhiteElo "2205"]
[BlackElo "2413"]
[WhiteFideId "1030108"]
[BlackFideId "20657307"]
[EventDate "2014.06.20"]

1. e4 c6 2. d4 d5 3. f3 e6 4. Nc3 Bb4 5. Ne2 Ne7 6. Be3 O-O 7. Ng3 dxe4 8. fxe4
c5 9. a3 cxd4 10. Bxd4 Ba5 11. b4 Bb6 12. Bxb6 Qxb6 13. Na4 Qc7 14. Bd3 Bd7 15.
Nc5 b6 16. Nb3 Nbc6 17. O-O Ne5 18. Qc1 Ba4 19. Nd2 Rac8 20. Nf3 Nxf3+ 21. gxf3
Qe5 22. f4 Qd4+ 23. Kh1 f5 24. Ne2 Qd6 25. Qe3 fxe4 26. Bxe4 Nf5 27. Bxf5 exf5
28. Rad1 Qc6+ 29. Kg1 Rce8 30. Qf2 Qxc2 0-1

[Event "HSG Open 2014"]
[Site "Hilversum NED"]
[Date "2014.06.21"]
[Round "3.6"]
[White "Van Foreest, Jorden"]
[Black "Vos, Tjark"]
[Result "1-0"]
[WhiteTitle "FM"]
[WhiteElo "2448"]
[BlackElo "2107"]
[WhiteFideId "1039784"]
[BlackFideId "1020870"]
[EventDate "2014.06.20"]

1. e4 e6 2. d4 d5 3. Nd2 Nf6 4. e5 Nfd7 5. f4 c5 6. Ngf3 Nc6 7. c3 Be7 8. Nb3
cxd4 9. cxd4 Qb6 10. Bd3 O-O 11. O-O f6 12. Kh1 Ndb8 13. exf6 Bxf6 14. Be3 Bd7
15. Ng5 Bxg5 16. fxg5 Rxf1+ 17. Qxf1 Be8 18. Qf3 Nd7 19. Rf1 Nb4 20. Nc5 Qd6 21.
Nxd7 Bxd7 22. Bxh7+ 1-0

[Event "HSG Open 2014"]
[Site "Hilversum NED"]
[Date "2014.06.21"]
[Round "4.1"]
[White "Van Kampen, Robin"]
[Black "Hambleton, Aman"]
[Result "1-0"]
[WhiteTitle "GM"]
[BlackTitle "IM"]
[WhiteElo "2631"]
[BlackElo "2468"]
[WhiteFideId "1020854"]
[BlackFideId "2606577"]
[EventDate "2014.06.20"]

1. e4 e6 2. d4 d5 3. Nc3 Bb4 4. e5 Ne7 5. a3 Bxc3+ 6. bxc3 b6 7. Qg4 Ng6 8. h4
h5 9. Qd1 Ba6 10. Bxa6 Nxa6 11. Bg5 Qd7 12. Ne2 Nf8 13. Nf4 g6 14. Bf6 Rg8 15.
Rh3 Nh7 16. a4 Qc6 17. Kd2 Nxf6 18. exf6 Nb8 19. Qf3 Kd8 20. Rg3 Rf8 21. Re1 Nd7
22. Rxg6 fxg6 23. Rxe6 Qc4 24. Nxg6 Kc8 25. Nxf8 Nxf8 26. Re8+ Kb7 27. f7 Qc6
28. Qxh5 a5 29. Qe5 Nd7 30. Qf5 1-0

[Event "HSG Open 2014"]
[Site "Hilversum NED"]
[Date "2014.06.21"]
[Round "4.2"]
[White "Rambaldi, Francesco"]
[Black "Dgebuadze, Alexandre"]
[Result "1-0"]
[WhiteTitle "FM"]
[BlackTitle "GM"]
[WhiteElo "2413"]
[BlackElo "2488"]
[WhiteFideId "20657307"]
[BlackFideId "203882"]
[EventDate "2014.06.20"]

1. e4 e6 2. d4 d5 3. Nd2 Nf6 4. e5 Nfd7 5. Bd3 c5 6. c3 Nc6 7. Ne2 cxd4 8. cxd4
f6 9. exf6 Nxf6 10. Nf3 Bd6 11. O-O Qc7 12. h3 O-O 13. Be3 Bd7 14. Re1 Rad8 15.
Rc1 Qb8 16. Nc3 Be8 17. Ng5 Bf7 18. Na4 h6 19. Nxf7 Rxf7 20. a3 Bh2+ 21. Kh1 Bf4
22. Nc5 Bxe3 23. Rxe3 e5 24. dxe5 Nxe5 25. Bf5 Kh8 26. Ne6 Re8 27. Nf4 Ne4 28.
Bxe4 Rxf4 29. Qxd5 Rxf2 30. Bb1 Rff8 31. Qe4 g6 32. Qd4 Rf6 33. Rce1 Kg7 34.
Rxe5 Rxe5 35. Rxe5 Rf1+ 36. Kh2 Kf6 37. Bd3 Rf5 38. Bxf5 gxf5 39. Qh4+ Kxe5 40.
Qxh6 Ke4+ 41. Kg1 Kd3 42. Qc1 Qf8 43. Qc3+ Ke2 44. Qc2+ Ke1 45. Qf2+ Kd1 46.
Qxa7 Qg7 47. Qf2 Kc1 48. b4 Qd7 49. h4 Qh7 50. Kh2 b5 51. g3 Qh5 52. Qc5+ Kb1
53. Qxb5 Qf3 54. Qc4 Qf2+ 55. Kh3 Qf3 56. Kh2 Qf2+ 57. Kh1 Qf3+ 58. Kg1 Qxg3+
59. Kf1 f4 60. Qe4+ Kc1 1-0

[Event "HSG Open 2014"]
[Site "Hilversum NED"]
[Date "2014.06.21"]
[Round "4.3"]
[White "Epishin, Vladimir"]
[Black "Piasetski, Leon"]
[Result "1-0"]
[WhiteTitle "GM"]
[BlackTitle "IM"]
[WhiteElo "2560"]
[BlackElo "2295"]
[WhiteFideId "4162714"]
[BlackFideId "2600072"]
[EventDate "2014.06.20"]

1. d4 e6 2. c4 Nf6 3. Nc3 d5 4. cxd5 exd5 5. Bg5 c6 6. e3 Be7 7. Bd3 Nbd7 8.
Nge2 Nf8 9. O-O Ne6 10. Bh4 Nh5 11. Bxe7 Qxe7 12. Rb1 O-O 13. b4 Nf6 14. a4 Ng5
15. Qc1 Nge4 16. f3 Nd6 17. Ng3 h5 18. Re1 h4 19. Nh1 Nf5 20. Nf2 Be6 21. Qc2
Qd7 22. a5 Rad8 23. Na4 Ne7 24. Nc5 Qc8 25. b5 Rd6 26. b6 Qa8 27. a6 axb6 28.
Nxb7 Rd7 29. Rxb6 Rc7 30. Nc5 1-0

[Event "HSG Open 2014"]
[Site "Hilversum NED"]
[Date "2014.06.21"]
[Round "4.4"]
[White "Cornelisse, John"]
[Black "Van Foreest, Jorden"]
[Result "0-1"]
[BlackTitle "FM"]
[WhiteElo "2168"]
[BlackElo "2448"]
[WhiteFideId "1008137"]
[BlackFideId "1039784"]
[EventDate "2014.06.20"]

1. c4 c6 2. d4 d5 3. Nc3 Nf6 4. Nf3 dxc4 5. a4 e6 6. e3 c5 7. dxc5 Qxd1+ 8. Nxd1
Bxc5 9. Bxc4 Nc6 10. Nc3 Bd7 11. O-O Ke7 12. Bd2 Rhd8 13. Rfd1 Rac8 14. Be1 Bb6
15. Be2 h6 16. Nd2 Nb4 17. Nc4 Bc5 18. Rac1 Be8 19. Na5 Rxd1 20. Nxd1 Na2 21.
Rc4 b5 22. Rc2 Nd5 23. Bxb5 Nab4 24. Rc4 Bxb5 25. axb5 Kd7 26. Nb3 Bd6 27. Rxc8
Kxc8 28. Bc3 g6 29. Bd4 Nb6 30. Nc3 e5 31. Bxb6 axb6 32. Na4 Bc7 33. e4 Nd3 34.
g3 Ne1 35. Nd2 Nc2 36. Nb3 Ne1 37. Kf1 Nf3 38. Kg2 Ng5 39. f3 Ne6 40. Nc3 Bd8
41. Nd5 Kb7 42. Kf2 h5 43. Ke2 Bg5 44. Kd3 h4 45. Ke2 h3 46. Nc3 Bh6 47. Nd1 Nc7
48. Nf2 Nxb5 49. Nxh3 Nd6 50. Kd3 Kc6 51. Nf2 Kb5 52. Ng4 Bg7 53. Ne3 Bh6 54.
Ng4 Kb4 55. Nd2 Bxd2 56. Kxd2 Kb3 57. Nxe5 Kxb2 58. h4 b5 59. g4 Nc4+ 0-1

[Event "HSG Open 2014"]
[Site "Hilversum NED"]
[Date "2014.06.21"]
[Round "4.5"]
[White "Guliyev, Namig"]
[Black "De Ruiter, Danny"]
[Result "1-0"]
[WhiteTitle "GM"]
[WhiteElo "2550"]
[BlackElo "2231"]
[WhiteFideId "13400363"]
[BlackFideId "1020650"]
[EventDate "2014.06.20"]

1. e4 c5 2. Nf3 e6 3. d4 cxd4 4. Nxd4 Nc6 5. Nc3 Qc7 6. f4 a6 7. Nxc6 Qxc6 8.
Bd3 b5 9. Qe2 Bb7 10. Bd2 Bc5 11. O-O-O Ne7 12. a3 O-O-O 13. Rhf1 d5 14. e5 Nf5
15. g4 Nd4 16. Qg2 a5 17. Ne2 b4 18. Nxd4 bxa3 19. Bc3 Qb6 20. Qf2 Bb4 21. Bxb4
axb2+ 22. Kxb2 Qxb4+ 23. Nb3 d4 24. Qd2 1-0